Проблема фальсификации цитрусовых соков и методы её обнаружения / (ბიბ.ჩანაწერი № 35798)
[ მარტივი ფორმატი ]
| 000 -LEADER | |
|---|---|
| fixed length control field | 01162nam a2200229Ia 4500 |
| 001 - CONTROL NUMBER | |
| control field | 1683 |
| 003 - CONTROL NUMBER IDENTIFIER | |
| control field | GE_BSU |
| 005 - DATE AND TIME OF LATEST TRANSACTION | |
| control field | 20250203152246.0 |
| 008 - FIXED-LENGTH DATA ELEMENTS--GENERAL INFORMATION | |
| fixed length control field | 181216s2011||||ru |||||||||||||| ||rus|| |
| 020 ## - INTERNATIONAL STANDARD BOOK NUMBER | |
| International Standard Book Number | 9789941412578 |
| 040 ## - CATALOGING SOURCE | |
| Transcribing agency | GE_BSU |
| 080 ## - UNIVERSAL DECIMAL CLASSIFICATION NUMBER | |
| Universal Decimal Classification number | 663.813 Н-62 |
| 100 ## - MAIN ENTRY--PERSONAL NAME | |
| Personal name | Нижарадзе, Э. |
| 9 (RLIN) | 24225 |
| 245 ## - TITLE STATEMENT | |
| Title | Проблема фальсификации цитрусовых соков и методы её обнаружения / |
| Statement of responsibility, etc. | Э. Нижарадзе, Ред: Н. Мамулаишвили, Д. Чхаидзе |
| 264 ## - PRODUCTION, PUBLICATION, DISTRIBUTION, MANUFACTURE, AND COPYRIGHT NOTICE | |
| Place of production, publication, distribution, manufacture | Батуми: |
| Name of producer, publisher, distributor, manufacturer | Гос. ун-т Шота Руставели, |
| Date of production, publication, distribution, manufacture, or copyright notice | 2011. |
| 300 ## - PHYSICAL DESCRIPTION | |
| Extent | 142 стр.: |
| Other physical details | 19 см. |
| 653 ## - INDEX TERM--UNCONTROLLED | |
| keyword | Проблема фальсификации цитрусовых соков и методы её обнаружения |
| 653 ## - INDEX TERM--UNCONTROLLED | |
| keyword | ციტრუსის წვენების გაყალბების პრობლემა და მისი გამოვლენის მეთოდები |
| 700 ## - ADDED ENTRY--PERSONAL NAME | |
| Personal name | Мамулаишвили, Н |
| Relator term | რედაქტორი |
| 9 (RLIN) | 24222 |
| 700 ## - ADDED ENTRY--PERSONAL NAME | |
| Personal name | Чхаидзе, Д. |
| Relator term | რედაქტორი |
| 9 (RLIN) | 24223 |
| 942 ## - ADDED ENTRY ELEMENTS (KOHA) | |
| Koha item type | წიგნი |
| Source of classification or shelving scheme | |
| Withdrawn status | Lost status | Source of classification or shelving scheme | Damaged status | Not for loan | Permanent Location | Current Location | Shelving location | Date acquired | Cost, normal purchase price | Full call number | Barcode | Date last seen | Copy number | Price effective from | Koha item type | Public note |
|---|---|---|---|---|---|---|---|---|---|---|---|---|---|---|---|---|
| ტექნოლოგიური ფაკულტეტის ბიბლიოთეკა | ტექნოლოგიური ფაკულტეტის ბიბლიოთეკა | წიგნსაცავი | 2018-12-17 | 7.00 | 663.813 Н-62 | 3333 | 2018-12-17 | 3333 | 2018-12-17 | წიგნი | 7.00 | |||||
| ტექნოლოგიური ფაკულტეტის ბიბლიოთეკა | ტექნოლოგიური ფაკულტეტის ბიბლიოთეკა | წიგნსაცავი | 2018-12-17 | 7.00 | 663.813 Н-62 | 3334 | 2018-12-17 | 3334 | 2018-12-17 | წიგნი | 7.00 | |||||
| ტექნოლოგიური ფაკულტეტის ბიბლიოთეკა | ტექნოლოგიური ფაკულტეტის ბიბლიოთეკა | წიგნსაცავი | 2018-12-17 | 7.00 | 663.813 Н-62 | 3335 | 2018-12-17 | 3335 | 2018-12-17 | წიგნი | 7.00 | |||||
| ტექნოლოგიური ფაკულტეტის ბიბლიოთეკა | ტექნოლოგიური ფაკულტეტის ბიბლიოთეკა | წიგნსაცავი | 2018-12-17 | 7.00 | 663.813 Н-62 | 3336 | 2018-12-17 | 3336 | 2018-12-17 | წიგნი | 7.00 | |||||
| ტექნოლოგიური ფაკულტეტის ბიბლიოთეკა | ტექნოლოგიური ფაკულტეტის ბიბლიოთეკა | წიგნსაცავი | 2018-12-17 | 7.00 | 663.813 Н-62 | 3337 | 2018-12-17 | 3337 | 2018-12-17 | წიგნი | 7.00 | |||||
| ტექნოლოგიური ფაკულტეტის ბიბლიოთეკა | ტექნოლოგიური ფაკულტეტის ბიბლიოთეკა | წიგნსაცავი | 2018-12-17 | 7.00 | 663.813 Н-62 | 3338 | 2018-12-17 | 3338 | 2018-12-17 | წიგნი | 7.00 | |||||
| ტექნოლოგიური ფაკულტეტის ბიბლიოთეკა | ტექნოლოგიური ფაკულტეტის ბიბლიოთეკა | წიგნსაცავი | 2018-12-17 | 7.00 | 663.813 Н-62 | 3339 | 2018-12-17 | 3339 | 2018-12-17 | წიგნი | 7.00 | |||||
| ტექნოლოგიური ფაკულტეტის ბიბლიოთეკა | ტექნოლოგიური ფაკულტეტის ბიბლიოთეკა | წიგნსაცავი | 2018-12-17 | 7.00 | 663.813 Н-62 | 3340 | 2018-12-17 | 3340 | 2018-12-17 | წიგნი | 7.00 | |||||
| ტექნოლოგიური ფაკულტეტის ბიბლიოთეკა | ტექნოლოგიური ფაკულტეტის ბიბლიოთეკა | წიგნსაცავი | 2018-12-17 | 7.00 | 663.813 Н-62 | 3342 | 2018-12-17 | 3342 | 2018-12-17 | წიგნი | 7.00 |
